000
00268nam a22001097a 4500
082
_a
823
_b
BLY/T
100
_a
BLYTON, ENID
245
_a
Those dreadful children
246
_a
Those dreadful children
_b
Those dreadful children
260
_a
Singapore
_b
Mammoth
942
_c
BK
999
_c
7744
_d
7744